000 007430000a22002290004500
090 _aAR
_b00445
245 1 0 _aLong-term dynamics of an early successional small mammal community
650 1 4 _aRoedores
_97408
650 1 4 _aDinámica poblacional
_9608
650 1 4 _aDistribución
_992865
650 1 4 _aUso del habitat
_93825
651 4 _dKansas
_pEstados Unidos
_992749
653 _gSigmodon
_eSigmodon hispidus
653 _gPeromyscus
_ePeromyscus leucopus
653 _gPeromyscus
_ePeromyscus maniculatus
653 _gMicrotus
_eMicrotus ochrogaster
041 0 _aInglés
700 1 _aSlade, Norman A.
_993337
100 1 _aSwihart, Robert K.
_993416
942 _cARTICULO
773 1 _tAmerican Midland Naturalist
_3176
_q372-382
_d1992?
999 _c9541
_d9541